Normal view
MARC view
- تاليف: دهمش، نعيم /م.مشارك: محمد ابو نصار، محمود الخلايلة، احمد ظاهر، منير لطفي
Entry Personal Name
001 - CONTROL NUMBER
- control field: 27455
003 - CONTROL NUMBER IDENTIFIER
- control field: JO-AjAnu
005 - DATE AND TIME OF LATEST TRANSACTION
- control field: 20230606074650.0
008 - FIXED-LENGTH DATA ELEMENTS
- fixed length control field: 230606|| aca||aabn | a|a d
040 ## - CATALOGING SOURCE
- Original cataloging agency: JO-AjAnu
- Transcribing agency: JO-AjAnu
100 ## - HEADING--PERSONAL NAME
- Personal name: تاليف: دهمش، نعيم /م.مشارك: محمد ابو نصار، محمود الخلايلة، احمد ظاهر، منير لطفي
670 ## - SOURCE DATA FOUND
- Source citation: Work cat.: (JO-AjAnu)14100: تاليف: دهمش، نعيم /م.مشارك: محمد ابو نصار، محمود الخلايلة، احمد ظاهر، منير لطفي, author, مبادىء المحاسبة: الاصول العلمية والعملية، ج2